000 01142nam a22003377a 4500
003 CHAP
005 20220329143514.0
008 100309s2009 mx a r 00010 spa d
010 _a97705
011 _a98677
020 _a9786074220520
035 _a109362
040 _cCHAP
082 1 4 _a321.8098
_bP43
245 0 0 _aPerspectivas para la democracia en América Latina
_c/coordinado por Leticia Heras Gómez y John A. Booth
260 _aToluca, Méx. :
_bUAEM,
_c2009
300 _a403 p. :
_bilus.
590 _aBATCH-UPD
_b10
_c20130110
_lUCH01
_h1316
590 _aBATCH-UPD
_b10
_c20130410
_lUCH01
_h0827
590 _aBATCH-UPD
_b10
_c20130914
_lUCH01
_h0658
590 _aCONVERSION
_b10
_c20130109
_lUCH01
_h1354
650 1 4 _aAmerica Latina
_xPolitica y gobierno.
_95404
650 1 4 _aCiencias políticas
_xFilosofía.
_923209
650 1 4 _aDemocracia.
_931740
650 1 4 _aDerecho internacional.
_931889
700 0 _aHeras Gómez, Leticia
_e, coord.
_953666
700 1 _aBooth, John A.
_e, coord.
_913806
901 _aBK
942 _cLIBRO
949 _a321.8098 P43
_bBC
_cLIBRO
_d33724002160850
_eLIBRO
_gI.c/e
_h112065
_i109362
_si
999 _c97705
_d97705